[Event "SVK-chT 1819"]
[Site "Slovakia"]
[Date "2018.11.11"]
[Round "2.1"]
[White "Kociscak, Jiri"]
[Black "Druska, Juraj"]
[Result "1/2-1/2"]
[WhiteElo "2487"]
[BlackElo "2443"]
[PlyCount "221"]
[EventDate "2018.11.10"]
[EventType "team-tourn"]
[EventRounds "11"]
[EventCountry "SVK"]
[SourceTitle "CBM 187 Extra"]
[Source "ChessBase"]
[SourceDate "2018.11.04"]
[SourceVersion "1"]
[SourceVersionDate "2018.11.04"]
[SourceQuality "1"]
[WhiteTeam "Zilina Mladost"]
[BlackTeam "Prakovce"]
[WhiteTeamCountry "SVK"]
[BlackTeamCountry "SVK"]

1. d4 Nf6 2. c4 e6 3. g3 d5 4. Nf3 Bb4+ 5. Bd2 Be7 6. Bg2 0-0 7. 0-0 Nbd7 8. Qc2 c6 9. Rd1 b6 10. Bf4 Ba6 11. b3 Rc8 12. Nc3 h6 13. e4 dxc4 14. h3 b5 15. bxc4 bxc4 16. Nd2 Nb6 17. a4 Qxd4 18. a5 Nbd7 19. Nf3 Qc5 20. Be3 Qh5 21. g4 Qg6 22. Nh4 Qh7 23. f4 Nd5 24. Nf5 Nxe3 25. Nxe7+ Kh8 26. Qd2 Nxd1 27. Rxd1 Nf6 28. Nxc8 Rxc8 29. Qf2 Qg8 30. Qxa7 Ra8 31. Qb6 Qc8 32. Rd6 Bb5 33. g5 hxg5 34. fxg5 Nd7 35. Qf2 Qc7 36. e5 Nxe5 37. Qd4 Qa7 38. Nxb5 Qxd4+ 39. Nxd4 Rxa5 40. Nxc6 Nxc6 41. Rxc6 Rxg5 42. Rxc4 g6 43. Kf2 Kg7 44. Bf3 Ra5 45. Kg3 Kf6 46. Bc6 Rg5+ 47. Kf2 Rh5 48. Bg2 Ra5 49. Bf3 Rg5 50. Rc7 Ra5 51. Rc4 Rg5 52. Rb4 Ra5 53. Bc6 Rf5+ 54. Kg3 Rg5+ 55. Kh2 Rc5 56. Ba4 Ra5 57. Rc4 Kg7 58. h4 g5 59. Rg4 Kh6 60. Be8 Rf5 61. hxg5+ Rxg5 62. Ra4 Kg7 63. Ra7 Rf5 64. Kg3 Rf6 65. Bc6 Rf5 66. Bf3 Kf6 67. Kf2 Rb5 68. Bc6 Rf5+ 69. Ke3 Re5+ 70. Kd4 Rf5 71. Kc4 Kg5 72. Be8 Kg6 73. Bc6 Kg5 74. Be4 Rf4 75. Kd3 Kf6 76. Ke3 Rf1 77. Bf3 Re1+ 78. Kd4 Rf1 79. Be4 Rf4 80. Ra1 Rh4 81. Re1 Rh5 82. Rf1+ Ke7 83. Rb1 Kf6 84. Bc6 Rf5 85. Rb7 Kg7 86. Kc4 Kf6 87. Bb5 Kg5 88. Kb4 Kf6 89. Ka5 Rf2 90. Kb6 Ke5 91. Kc5 Rc2+ 92. Bc4 Rf2 93. Ra7 Rf3 94. Ra2 Re3 95. Rh2 Re1 96. Rh3 Kf6 97. Kd6 Re5 98. Kd7 Rc5 99. Bd3 Rc3 100. Kd6 Ra3 101. Rf3+ Kg7 102. Kc5 Ra5+ 103. Bb5 Kf8 104. Kc6 Ke7 105. Rd3 Ra7 106. Kb6 Ra2 107. Rd7+ Kf8 108. Bc6 Rc2 109. Ra7 Rc1 110. Bf3 Rf1 111. Bh5 1/2-1/2

[Event "CZE-chT 1819"]
[Site "Czech Republic"]
[Date "2018.11.03"]
[Round "1.5"]
[White "Kociscak, Jiri"]
[Black "Harikrishna, Pentala"]
[Result "0-1"]
[WhiteElo "2486"]
[BlackElo "2733"]
[PlyCount "128"]
[EventDate "2018.11.03"]
[EventType "team-tourn"]
[EventRounds "11"]
[EventCountry "CZE"]
[SourceTitle "CBM 187 Extra"]
[Source "ChessBase"]
[SourceDate "2018.11.04"]
[SourceVersion "1"]
[SourceVersionDate "2018.11.04"]
[SourceQuality "1"]
[WhiteTeam "Ostrava Labortech"]
[BlackTeam "Novoborsky"]
[WhiteTeamCountry "CZE"]
[BlackTeamCountry "CZE"]

1. d4 Nf6 2. c4 e6 3. Nf3 b6 4. Bf4 Bb7 5. e3 Be7 6. h3 0-0 7. Nc3 Bb4 8. Qb3 a5 9. a3 a4 10. Qc2 Bxc3+ 11. Qxc3 d6 12. Be2 Nbd7 13. 0-0 Ne4 14. Qc2 f5 15. Nd2 e5 16. Bh2 Nxd2 17. Qxd2 Qg5 18. f3 exd4 19. Qxd4 Rae8 20. Bf4 Qe7 21. Bd1 Nc5 22. Qc3 Bc6 23. Re1 Qh4 24. Kh2 Re6 25. Bg3 Qe7 26. Bc2 Rg6 27. Qd4 Ne6 28. Qd2 Ng5 29. e4 f4 30. Bf2 Rh6 31. h4 Nf7 32. e5 Nxe5 33. Be4 Bxe4 34. Rxe4 Qf7 35. Qd5 Qxd5 36. cxd5 Nd3 37. Bd4 Rxh4+ 38. Kg1 Rf5 39. Rd1 Ne5 40. Bxe5 Rxe5 41. Rxa4 Rhh5 42. Rc1 Re7 43. Ra7 Rxd5 44. Rcxc7 Rxc7 45. Rxc7 b5 46. Rb7 h5 47. b3 Kf8 48. Kh2 g5 49. Kh3 Re5 50. Rh7 d5 51. a4 bxa4 52. bxa4 d4 53. Rd7 Re1 54. Kh2 Rd1 55. Rd5 Ke7 56. Rxg5 Ke6 57. a5 Ra1 58. Rg6+ Kd5 59. Rg8 d3 60. Ra8 Kc4 61. Rc8+ Kb3 62. Rd8 Kc2 63. Rc8+ Kd1 64. Ra8 d2 0-1

[Event "CZE-chT 1718"]
[Site "Czech Republic"]
[Date "2018.04.07"]
[Round "10.2"]
[White "Zwardon, Vojtech"]
[Black "Kociscak, Jiri"]
[Result "1-0"]
[WhiteElo "2410"]
[BlackElo "2473"]
[PlyCount "89"]
[EventDate "2017.11.18"]
[EventType "team-tourn"]
[EventRounds "11"]
[EventCountry "CZE"]
[SourceTitle "EXT 2019"]
[Source "ChessBase"]
[SourceDate "2018.10.10"]
[SourceVersion "1"]
[SourceVersionDate "2018.10.10"]
[SourceQuality "1"]
[WhiteTeam "Frydek Mistek"]
[BlackTeam "Ostrava Labortech"]
[WhiteTeamCountry "CZE"]
[BlackTeamCountry "CZE"]

1. c4 e6 2. Nc3 d5 3. d4 c5 4. e3 Nf6 5. Nf3 Nc6 6. cxd5 exd5 7. dxc5 Bxc5 8. a3 0-0 9. Be2 a6 10. 0-0 Re8 11. b4 Ba7 12. Bb2 Bg4 13. Rc1 Qd6 14. h3 Bh5 15. Qb3 Rad8 16. Rfd1 Bb8 17. Kf1 h6 18. Na4 Ne4 19. Nc5 Qe7 20. Nxa6 Bg3 21. fxg3 Nxg3+ 22. Kf2 Nxe2 23. Kxe2 Bxf3+ 24. gxf3 d4 25. Rxc6 Qg5 26. Rxd4 Qg2+ 27. Kd3 bxc6 28. Nc5 Qxf3 29. Rxd8 Rxd8+ 30. Bd4 Qxh3 31. Qd1 Qg2 32. a4 Qg6+ 33. Kc3 h5 34. a5 h4 35. Qh1 Qg4 36. a6 h3 37. a7 Kh7 38. Ne4 Kg6 39. Nf2 Qg2 40. Qb1+ f5 41. Nd3 Qg3 42. Nf4+ Kh6 43. Qxf5 Qe1+ 44. Kc2 Qf2+ 45. Kb3 1-0